Statistiques concernant Focus sur: Jacob Kowalski - Harry Potter

Cliquez ici pour prendre le quiz!

Statistiques générales

  • Ce quiz a été pris 70 fois
  • Le résultat moyen est 4 sur 6

Statistiques - réponses

Informations recherchéesRéponses% Correct
Statut du sangMoldu
100%
Première apparitionLes Animaux fantastiques 1
89%
Couleur des cheveuxNoir
89%
ProfessionOuvrier d'usine/Pâtissier
74%
Acteur l'interprétant dans les filmsDan Fogler
17%
Ex-fiancéeMilred
0%

Distribution des résultats

Percentile par nombre de réponses

% des personnes avec chaque résultat

Votre développement - résultats

Vous n’avez pas pris ce quiz